Normal view
MARC view
- DR AAMER AHMAD BAQAI
Entry Personal Name
001 - CONTROL NUMBER
- control field: 72535
003 - CONTROL NUMBER IDENTIFIER
- control field: NUST
005 - DATE AND TIME OF LATEST TRANSACTION
- control field: 20210628204821.0
008 - FIXED-LENGTH DATA ELEMENTS
- fixed length control field: 210628|| aca||aabn | a|a d
040 ## - CATALOGING SOURCE
- Original cataloging agency: NUST
- Transcribing agency: NUST
100 ## - HEADING--PERSONAL NAME
- Personal name: DR AAMER AHMAD BAQAI
670 ## - SOURCE DATA FOUND
- Source citation: Work cat.: (NUST): RIZWAN LATIF 15593, TH-SOF-0901-VEHICLE MODELING AND PERFORMANCE EVALUATION USING, 2001
